Restrictive covenants and freehold land (Record no. 103876)
[ view plain ]
| 000 -LEADER | |
|---|---|
| fixed length control field | 01873cam a2200301 4500 |
| 001 - CONTROL NUMBER | |
| control field | L128167 |
| 008 - FIXED-LENGTH DATA ELEMENTS--GENERAL INFORMATION | |
| fixed length control field | 041201n2005 000 0 eng u |
| 020 ## - INTERNATIONAL STANDARD BOOK NUMBER | |
| International Standard Book Number | 0853089361 |
| 035 ## - SYSTEM CONTROL NUMBER | |
| System control number | (Sirsi) u128167 |
| 041 ## - LANGUAGE CODE | |
| Language code of text/sound track or separate title | eng |
| 050 ## - LIBRARY OF CONGRESS CALL NUMBER | |
| Classification number | 333.3234 |
| -- | 18 |
| 100 ## - MAIN ENTRY--PERSONAL NAME | |
| Personal name | Francis, Andrew |
| 245 ## - TITLE STATEMENT | |
| Title | Restrictive covenants and freehold land |
| Remainder of title | a practitioner's guide |
| 250 ## - EDITION STATEMENT | |
| Edition statement | 2nd ed. |
| 260 ## - PUBLICATION, DISTRIBUTION, ETC. | |
| Place of publication, distribution, etc. | Bristol |
| Name of publisher, distributor, etc. | Jordan |
| Date of publication, distribution, etc. | 2005 |
| 300 ## - PHYSICAL DESCRIPTION | |
| Extent | xlii, 394p. |
| Dimensions | 26cm. |
| 350 ## - PRICE (NR) (BK AM CF MU VM SE) [OBSOLETE] | |
| Price | 85 |
| 520 ## - SUMMARY, ETC. | |
| Summary, etc. | The highly practical text complemented by flowcharts and checklists is aimed at practitioners who require an understanding of the law relating to restrictive covenants affecting freehold land. Covers how to draft restrictive covenants, identify existing ones, approach questions of covenant validity and construe the words used. Addresses remedies for breach, likely measure of damages and guidance as to procedure under the Civil Procedure Rules (CPR). Provides information on the special rules applying to statutory and other authorities, on the modification and discharge of restrictive covenants in the LT and on the arrangement of indemnity and insurance cover, in particular restrictive covenant indemnity insurance policies. The extensively revised second edition presents new material on commonhold ownership of freeholds and takes into account the Land Registration Act 2002, the impact of CPR, the Human Rights Act 1998 and important recent case law. Includes all relevant statutory material |
| 520 ## - SUMMARY, ETC. | |
| Summary, etc. | Supersedes 1st edition (ISBN 0421619600) |
| 520 ## - SUMMARY, ETC. | |
| Summary, etc. | Superseded by 3rd edition (ISBN 9781846611728). |
| 520 ## - SUMMARY, ETC. | |
| Summary, etc. | Accompanied by a CD-ROM (L145176) which is not available for loan. |
| 590 ## - LOCAL NOTE (RLIN) | |
| Local note | IKA150405 |
| 650 ## - SUBJECT ADDED ENTRY--TOPICAL TERM | |
| Topical term or geographic name entry element | LAND REGISTRATION ACT 2002 |
| 650 ## - SUBJECT ADDED ENTRY--TOPICAL TERM | |
| Topical term or geographic name entry element | HUMAN RIGHTS ACT 1998 |
| 690 ## - LOCAL SUBJECT ADDED ENTRY--TOPICAL TERM (OCLC, RLIN) | |
| Topical term or geographic name as entry element | PROPERTY-FREEHOLD PROPERTY |
| 942 ## - ADDED ENTRY ELEMENTS (KOHA) | |
| Suppress in OPAC | 0 |
| Withdrawn status | Lost status | Source of classification or shelving scheme | Damaged status | Not for loan | Home library | Current library | Shelving location | Date acquired | Cost, normal purchase price | Total Checkouts | Full call number | Barcode | Date last seen | Date last checked out | Copy number | Cost, replacement price | Price effective from | Koha item type |
|---|---|---|---|---|---|---|---|---|---|---|---|---|---|---|---|---|---|---|
| Dewey Decimal Classification | London | London | Basement | 15/04/2005 | 85.00 | 18 | BASEMENT 61 | 30069858 | 06/08/2019 | 23/10/2009 | 2 | 85.00 | 06/08/2019 | Book |